New trends in logistics in Europe report of the hundred and fourth round table on transport economics held in Paris on 3rd-4th October 1996 on the following topic
Salvato in:
| Enti autori: | , |
|---|---|
| Natura: | Libro |
| Lingua: | inglese |
| Pubblicazione: |
Paris
ECMT
1997
|
| Serie: | Round table
104 |
| Soggetti: | |
| Tags: |
Nessun Tag, puoi essere il primo ad aggiungerne!!
|
MARC
| LEADER | 00000nam a2200000 4500 | ||
|---|---|---|---|
| 001 | c120067 | ||
| 005 | 20221221130356.5 | ||
| 020 | |a 92-821-1224-1 | ||
| 041 | 0 | |a eng | |
| 044 | |a FR | ||
| 245 | 1 | 0 | |a New trends in logistics in Europe |b report of the hundred and fourth round table on transport economics held in Paris on 3rd-4th October 1996 on the following topic |
| 264 | 1 | |a Paris |b ECMT |c 1997 | |
| 300 | |a 175 s. | ||
| 490 | 1 | |a Round table |v 104 | |
| 830 | 0 | |a Round table |v 104 | |
| 610 | 2 | 0 | |a logistika |
| 610 | 2 | 0 | |a Európa |
| 610 | 2 | 0 | |a doprava |
| 610 | 2 | 0 | |a globalizácia hospodárstva |
| 610 | 2 | 0 | |a služby dopravné |
| 710 | 2 | |a European Conference of Ministers of Transport. Economic Research Centre | |
| 710 | 2 | |a OECD Publishing | |